[Event "New York 1000 GM Winter GM-A"]
[Site "New York"]
[Date "2024.01.15"]
[Round "9"]
[White "Schitco, Ivan"]
[Black "Hardaway, Brewington"]
[Result "1/2-1/2"]
[WhiteElo "2521"]
[BlackElo "2427"]
[PlyCount "181"]
[EventDate "2024.01.11"]
[EventType "tourn"]
[EventRounds "9"]
[EventCountry "USA"]
[EventCategory "8"]
[SourceTitle "CB04_2024"]
[SourceDate "2023.10.16"]
[SourceVersion "1"]
[SourceVersionDate "2023.10.16"]
[SourceQuality "1"]

1. e4 e5 2. Nf3 Nc6 3. Nc3 Nf6 4. Bb5 Bc5 5. 0-0 0-0 6. Bxc6 dxc6 7. d3 Nd7 8. Be3 Bd6 9. Nd2 Nc5 10. Nc4 Ne6 11. a4 a5 12. Qd2 f6 13. Ne2 b6 14. Ng3 Rf7 15. Nxd6 Qxd6 16. Nf5 Qd8 17. Kh1 c5 18. g4 Bb7 19. f3 Rd7 20. b3 g6 21. Ng3 Qe7 22. f4 exf4 23. Bxf4 Rf8 24. Be3 Nd4 25. Kg1 Qe6 26. Bxd4 cxd4 27. Rf4 Qe5 28. Raf1 Rdf7 29. Qf2 Bc8 30. h3 Kg7 31. Ne2 c5 32. Qg2 Bd7 33. R4f2 Kh8 34. Qg3 Kg8 35. Kg2 Bc6 36. Ng1 Qe6 37. Nf3 b5 38. axb5 Bxb5 39. Ra1 Ra8 40. Raf1 Raf8 41. Ra1 Ra8 42. Qf4 Bc6 43. Kh2 Bd7 44. Qg3 Kg7 45. Kg1 Kg8 46. Raf1 Rff8 47. Qc7 Qc6 48. Qf4 Qe6 49. Qh6 Bc6 50. Rg2 a4 51. bxa4 Bxa4 52. h4 Qe7 53. Qf4 Bd7 54. Rb1 Qd8 55. Rb7 Rb8 56. Ra7 Ra8 57. Rxa8 Qxa8 58. h5 g5 59. Nxg5 fxg5 60. Qxg5+ Kh8 61. Qe5+ Kg8 62. Qg5+ Kh8 63. h6 Rf7 64. Qe5+ Kg8 65. Qg5+ Kh8 66. Rf2 Qf8 67. Qe5+ Kg8 68. Qg5+ Kh8 69. Rxf7 Qxf7 70. Qxc5 Bxg4 71. Qxd4+ Kg8 72. Qd8+ Qf8 73. Qg5+ Kh8 74. d4 Be2 75. Qe5+ Kg8 76. Qg3+ Kh8 77. Qe5+ Kg8 78. Qe6+ Kh8 79. Qh3 Bg4 80. Qe3 Bf3 81. Qf2 Qf4 82. e5 Qg5+ 83. Kf1 Qc1+ 84. Qe1 Qxc2 85. Qe3 Qe4 86. Qg5 Qe2+ 87. Kg1 Qe1+ 88. Kh2 Qf2+ 89. Kh3 Bg4+ 90. Qxg4 Qh2+ 91. Kxh2 1/2-1/2

[Event "EU-chT 24th"]
[Site "Budva"]
[Date "2023.11.19"]
[Round "8.10"]
[White "Schitco, Ivan"]
[Black "Rodshtein, Maxim"]
[Result "1/2-1/2"]
[WhiteElo "2503"]
[BlackElo "2582"]
[PlyCount "79"]
[EventDate "2023.11.11"]
[EventType "team-swiss"]
[EventRounds "9"]
[EventCountry "MNE"]
[SourceTitle "CB47_2023"]
[SourceDate "2023.11.22"]
[SourceVersion "1"]
[SourceVersionDate "2023.11.22"]
[SourceQuality "1"]
[WhiteTeam "Moldova"]
[BlackTeam "Israel"]
[WhiteTeamCountry "MDA"]
[BlackTeamCountry "ISR"]

1. d4 Nf6 2. c4 g6 3. Nc3 d5 4. cxd5 Nxd5 5. e4 Nxc3 6. bxc3 Bg7 7. Nf3 c5 8. h3 0-0 9. Be2 b6 10. Be3 Bb7 11. Qd3 Ba6 12. Qc2 Qc8 13. Rc1 e6 14. dxc5 Nd7 15. cxb6 axb6 16. 0-0 Bc4 17. Bxc4 Qxc4 18. Rfd1 Rxa2 19. Qb1 Nc5 20. e5 Raa8 21. Rd4 Qb3 22. Rb4 Qxb1 23. Rcxb1 Rfc8 24. Bd4 Nd7 25. Rb5 h6 26. Nd2 g5 27. Ne4 Ra5 28. h4 Bxe5 29. hxg5 Bxd4 30. cxd4 hxg5 31. Nxg5 Rxb5 32. Rxb5 Rc2 33. d5 e5 34. g4 Kf8 35. Ne4 Ke7 36. Kg2 Rc4 37. f3 Rd4 38. Kg3 Nc5 39. Nxc5 Rxd5 40. Rxb6 1/2-1/2

[Event "EU-chT 24th"]
[Site "Budva"]
[Date "2023.11.18"]
[Round "7.1"]
[White "Radjabov, Teimour"]
[Black "Schitco, Ivan"]
[Result "1/2-1/2"]
[WhiteElo "2745"]
[BlackElo "2503"]
[PlyCount "47"]
[EventDate "2023.11.11"]
[EventType "team-swiss"]
[EventRounds "9"]
[EventCountry "MNE"]
[SourceTitle "CB47_2023"]
[SourceDate "2023.11.22"]
[SourceVersion "1"]
[SourceVersionDate "2023.11.22"]
[SourceQuality "1"]
[WhiteTeam "Azerbaijan"]
[BlackTeam "Moldova"]
[WhiteTeamCountry "AZE"]
[BlackTeamCountry "MDA"]

1. e4 e5 2. Nf3 Nc6 3. Bb5 a6 4. Ba4 Nf6 5. 0-0 d6 6. Re1 Bd7 7. c3 g6 8. d4 Bg7 9. Nbd2 0-0 10. h3 exd4 11. cxd4 Nb4 12. Bxd7 Qxd7 13. a3 Nd3 14. Re3 Nf4 15. Nf1 Rae8 16. Ng3 N4h5 17. Nxh5 Nxh5 18. Bd2 Re7 19. Qc2 Rfe8 20. Rae1 Nf6 21. Bc3 Nh5 22. Bd2 Nf6 23. Bc3 Nh5 24. Bd2 1/2-1/2

[Event "EU-chT 24th"]
[Site "Budva"]
[Date "2023.11.15"]
[Round "5.1"]
[White "Schitco, Ivan"]
[Black "Carlsen, Magnus"]
[Result "1/2-1/2"]
[WhiteElo "2503"]
[BlackElo "2829"]
[PlyCount "85"]
[EventDate "2023.11.11"]
[EventType "team-swiss"]
[EventRounds "9"]
[EventCountry "MNE"]
[SourceTitle "CB47_2023"]
[SourceDate "2023.11.22"]
[SourceVersion "1"]
[SourceVersionDate "2023.11.22"]
[SourceQuality "1"]
[WhiteTeam "Moldova"]
[BlackTeam "Norway"]
[WhiteTeamCountry "MDA"]
[BlackTeamCountry "NOR"]

1. d4 Nf6 2. c4 g6 3. Nc3 Bg7 4. e4 d6 5. h3 0-0 6. Be3 Nc6 7. d5 Nb4 8. a3 Na6 9. Bd3 Nc5 10. Bc2 Nfd7 11. Nge2 a5 12. 0-0 Nb6 13. b3 e5 14. Rb1 Ncd7 15. Bd3 Nc5 16. Bc2 Ncd7 17. Bd3 f5 18. f3 Nc5 19. b4 Nxd3 20. Qxd3 Nd7 21. c5 axb4 22. axb4 Nf6 23. Ra1 fxe4 24. fxe4 Rxa1 25. Rxa1 Nh5 26. Rf1 Rxf1+ 27. Kxf1 Qf6+ 28. Bf2 Nf4 29. Nxf4 exf4 30. Nb5 Qa1+ 31. Ke2 Qb2+ 32. Kf3 g5 33. cxd6 h5 34. Bd4 g4+ 35. hxg4 Bxg4+ 36. Kxf4 Qxg2 37. Bxg7 Kxg7 38. e5 Kh6 39. Qe3 cxd6 40. Nxd6 Qxd5 41. Ne4 Kg6 42. Qb6+ Qc6 43. Qxc6+ 1/2-1/2

[Event "EU-chT 24th"]
[Site "Budva"]
[Date "2023.11.14"]
[Round "4.1"]
[White "Tomic, Aleksandar1"]
[Black "Schitco, Ivan"]
[Result "0-1"]
[WhiteElo "2411"]
[BlackElo "2503"]
[PlyCount "50"]
[EventDate "2023.11.11"]
[EventType "team-swiss"]
[EventRounds "9"]
[EventCountry "MNE"]
[SourceTitle "CB47_2023"]
[SourceDate "2023.11.22"]
[SourceVersion "1"]
[SourceVersionDate "2023.11.22"]
[SourceQuality "1"]
[WhiteTeam "Montenegro Youth II"]
[BlackTeam "Moldova"]
[WhiteTeamCountry "MNE"]
[BlackTeamCountry "MDA"]

1. d4 d5 2. Nf3 Nf6 3. Bf4 g6 4. e3 Bg7 5. Nc3 0-0 6. h4 h6 7. Ne5 Nbd7 8. Nxd7 Bxd7 9. Be5 c6 10. Bd3 Qb6 11. Na4 Qa5+ 12. c3 Rae8 13. Nc5 Bc8 14. Qe2 Qd8 15. a4 b6 16. Nb3 Ng4 17. Bxg7 Kxg7 18. h5 e5 19. a5 e4 20. Ba6 Bd7 21. Kd2 f5 22. hxg6 f4 23. Raf1 Qg5 24. Qe1 Rf6 25. c4 Ref8 0-1

[Event "EU-chT 24th"]
[Site "Budva"]
[Date "2023.11.11"]
[Round "1.8"]
[White "Schitco, Ivan"]
[Black "Moussard, Jules"]
[Result "0-1"]
[WhiteElo "2503"]
[BlackElo "2639"]
[PlyCount "88"]
[EventDate "2023.11.11"]
[EventType "team-swiss"]
[EventRounds "9"]
[EventCountry "MNE"]
[SourceTitle "CB47_2023"]
[SourceDate "2023.11.22"]
[SourceVersion "1"]
[SourceVersionDate "2023.11.22"]
[SourceQuality "1"]
[WhiteTeam "Moldova"]
[BlackTeam "France"]
[WhiteTeamCountry "MDA"]
[BlackTeamCountry "FRA"]

1. c4 e5 2. Nc3 Bb4 3. Nd5 a5 4. Nf3 d6 5. a3 Bc5 6. e3 c6 7. Nc3 Ba7 8. d4 Nd7 9. Be2 Ngf6 10. g4 0-0 11. g5 Ne8 12. dxe5 Qe7 13. Qc2 Nxe5 14. Nxe5 dxe5 15. h4 f5 16. b4 Nc7 17. c5 Be6 18. Bb2 Rad8 19. Na4 Qf7 20. Rc1 f4 21. e4 f3 22. Bc4 Nb5 23. Bxe6 Qxe6 24. Qc4 Qxc4 25. Rxc4 axb4 26. axb4 Bb8 27. Nc3 Rf4 28. Nd1 Nd4 29. Bxd4 Rxe4+ 30. Kd2 Rdxd4+ 31. Rxd4 Rxd4+ 32. Kc3 Kf7 33. Ne3 Ke6 34. Ra1 Rd8 35. b5 e4 36. Ra4 Be5+ 37. Kc2 Bd4 38. b6 Rd7 39. h5 Ke5 40. Nc4+ Kd5 41. Nd6 Bxf2 42. Nxe4 Bxc5 43. h6 f2 44. hxg7 Rxg7 0-1

[Event "Wch U20 60th"]
[Site "Mexico City"]
[Date "2023.09.30"]
[Round "10"]
[White "Schitco, Ivan"]
[Black "Sorensen, Hampus"]
[Result "0-1"]
[WhiteElo "2533"]
[BlackElo "2470"]
[PlyCount "136"]
[EventDate "2023.09.21"]
[EventType "swiss"]
[EventRounds "11"]
[EventCountry "MEX"]
[SourceTitle "EXT 2024"]
[Source "ChessBase"]
[SourceDate "2023.10.10"]
[SourceVersion "1"]
[SourceVersionDate "2023.10.10"]
[SourceQuality "1"]

1. c4 Nf6 2. Nc3 e5 3. Nf3 Nc6 4. e4 Bb4 5. d3 d6 6. a3 Ba5 7. b4 Bb6 8. Na4 Bd4 9. Rb1 Bg4 10. Be2 Bxf3 11. Bxf3 Ne7 12. Bd2 Ng6 13. g3 Nf8 14. h4 Ne6 15. Bg2 c6 16. Bh3 Qe7 17. 0-0 0-0 18. Nc3 Bb6 19. Kg2 Rad8 20. a4 a6 21. a5 Ba7 22. Qa4 h6 23. Rbe1 Rfe8 24. Qd1 d5 25. exd5 cxd5 26. c5 Bb8 27. Ne2 Qf8 28. Be3 d4 29. Bd2 e4 30. dxe4 Nxe4 31. Nc1 f5 32. Nd3 Kh8 33. Bc1 g6 34. Qf3 h5 35. Kg1 Qg7 36. Bg2 Nc7 37. Bg5 Rd7 38. Bh3 Rf7 39. Qd1 Rff8 40. Nf4 Ne6 41. Nxe6 Rxe6 42. Bc1 Re7 43. Bg2 Rfe8 44. Bb2 Kh7 45. Bxd4 Qf7 46. Ba1 f4 47. g4 f3 48. Qxf3 Qxf3 49. Bxf3 Nd2 50. Rxe7+ Rxe7 51. Bg2 Nxf1 52. Kxf1 hxg4 53. Bd4 Bf4 54. c6 Bd2 55. Be3 Bxe3 56. fxe3 bxc6 57. Bxc6 Rxe3 58. Bb7 Rb3 59. Bxa6 Rxb4 60. Bc8 Ra4 61. Kg2 Kh6 62. Bd7 Rd4 63. Bc6 Kh5 64. a6 Rd2+ 65. Kg3 Ra2 66. Bb7 Ra3+ 67. Kh2 Kxh4 68. Kg2 Ra2+ 0-1

[Event "Texas Collegiate Finals"]
[Site "Brownsville"]
[Date "2023.09.16"]
[Round "1.2"]
[White "Moore, Michael"]
[Black "Schitco, Ivan"]
[Result "0-1"]
[WhiteElo "1835"]
[BlackElo "2533"]
[PlyCount "52"]
[EventDate "2023.09.16"]
[EventType "team-tourn"]
[EventRounds "4"]
[EventCountry "USA"]
[SourceTitle "EXT 2024"]
[Source "ChessBase"]
[SourceDate "2023.10.10"]
[SourceVersion "1"]
[SourceVersionDate "2023.10.10"]
[SourceQuality "1"]
[WhiteTeam "Texas Tech Univ II"]
[BlackTeam "Texas Dallas Univ"]
[WhiteTeamCountry "USA"]
[BlackTeamCountry "USA"]

1. e4 e5 2. Nf3 Nc6 3. Bb5 a6 4. Ba4 d6 5. d4 Bd7 6. d5 Nce7 7. Bxd7+ Qxd7 8. c4 h6 9. Nc3 f5 10. 0-0 Nf6 11. Re1 g6 12. Nd2 Bg7 13. f4 exf4 14. exf5 0-0-0 15. fxg6 Nxg6 16. Nf3 Rde8 17. Rxe8+ Rxe8 18. Qc2 Qg4 19. Bd2 Nd7 20. Rf1 Nde5 21. Nd4 Nh4 22. Bxf4 Nd3 23. Ne6 Bd4+ 24. Kh1 Nxf4 25. Rxf4 Qxf4 26. Qd1 Qf2 0-1

[Event "FIDE World Cup"]
[Site "Baku"]
[Date "2023.08.07"]
[Round "3.4"]
[White "Wojtaszek, Radoslaw"]
[Black "Schitco, Ivan"]
[Result "1-0"]
[WhiteElo "2676"]
[BlackElo "2507"]
[PlyCount "95"]
[EventDate "2023.07.30"]
[EventType "k.o."]
[EventRounds "8"]
[EventCountry "AZE"]
[SourceTitle "EXT 2024"]
[Source "ChessBase"]
[SourceDate "2023.10.10"]
[SourceVersion "1"]
[SourceVersionDate "2023.10.10"]
[SourceQuality "1"]

1. d4 Nf6 2. c4 g6 3. g3 Bg7 4. Nf3 0-0 5. Bg2 d6 6. Nc3 Nbd7 7. 0-0 e5 8. e4 Re8 9. h3 a6 10. Be3 exd4 11. Nxd4 Nc5 12. Qc2 Bd7 13. Rad1 Qc8 14. b4 Ne6 15. Kh2 a5 16. a3 axb4 17. axb4 Ra3 18. Ndb5 Bxb5 19. Nxb5 Rxe3 20. fxe3 Ng5 21. c5 dxc5 22. Qxc5 Nfxe4 23. Qxc7 Be5 24. Qxc8 Rxc8 25. Bxe4 Nxe4 26. Nd4 Nxg3 27. Rfe1 Rc4 28. Kg2 Ne4 29. b5 Rc7 30. Rc1 Re7 31. Nf3 Bf6 32. Nd4 Nd6 33. b6 Re4 34. Kf3 Rh4 35. Rc7 Rxh3+ 36. Kg2 Rh5 37. Rd7 Rd5 38. Nf3 Rd3 39. e4 Bc3 40. Rc1 Bb2 41. Rc2 Ba3 42. e5 Rb3 43. exd6 Rxb6 44. Rd8+ Kg7 45. d7 Be7 46. Re8 Bf6 47. d8Q Bxd8 48. Rxd8 1-0

[Event "Brasov GP RO"]
[Site "Brasov"]
[Date "2023.07.19"]
[Round "6"]
[White "Kollars, Dmitrij"]
[Black "Schitco, Ivan"]
[Result "1-0"]
[WhiteElo "2618"]
[BlackElo "2507"]
[PlyCount "97"]
[EventDate "2023.07.16"]
[EventType "swiss"]
[EventRounds "9"]
[EventCountry "ROU"]
[SourceTitle "CBM 215 Extra"]
[Source "ChessBase"]
[SourceDate "2023.09.30"]
[SourceVersion "1"]
[SourceVersionDate "2023.09.30"]
[SourceQuality "1"]

1. e4 e5 2. Nf3 Nc6 3. Bb5 Nf6 4. d3 Bc5 5. Bxc6 dxc6 6. 0-0 Bg4 7. h3 Bh5 8. Nbd2 Qe7 9. a3 Nd7 10. b4 Bd6 11. Nc4 f6 12. Na5 Rb8 13. Be3 c5 14. Nc4 0-0 15. Nxd6 cxd6 16. c4 Bxf3 17. Qxf3 b5 18. cxb5 Rxb5 19. Rfc1 Rfb8 20. Qd1 Qe6 21. Qa4 a5 22. bxc5 dxc5 23. Rc3 h6 24. Rac1 Qa2 25. Kh2 Kh7 26. Qd1 Qe6 27. Bxc5 Nxc5 28. Rxc5 Rxc5 29. Rxc5 Qb3 30. Qxb3 Rxb3 31. Rxa5 g5 32. Ra6 Kg7 33. a4 Rxd3 34. a5 Ra3 35. Ra7+ Kg6 36. a6 h5 37. Ra8 Kg7 38. a7 Ra2 39. Kg3 Ra3+ 40. f3 Ra2 41. h4 g4 42. fxg4 Ra3+ 43. Kh2 hxg4 44. h5 Kh7 45. h6 Ra2 46. Kg3 Ra4 47. Kh4 f5 48. exf5 e4 49. Kxg4 1-0

[Event "Brasov GP RO"]
[Site "Brasov"]
[Date "2023.07.19"]
[Round "5"]
[White "Schitco, Ivan"]
[Black "Antonica, Dragos Andrei"]
[Result "1-0"]
[WhiteElo "2507"]
[BlackElo "2321"]
[PlyCount "87"]
[EventDate "2023.07.16"]
[EventType "swiss"]
[EventRounds "9"]
[EventCountry "ROU"]
[SourceTitle "CBM 215 Extra"]
[Source "ChessBase"]
[SourceDate "2023.09.30"]
[SourceVersion "1"]
[SourceVersionDate "2023.09.30"]
[SourceQuality "1"]

1. c4 e6 2. g3 d5 3. Bg2 Nf6 4. Nf3 Be7 5. 0-0 0-0 6. b3 b6 7. Bb2 Bb7 8. cxd5 Nxd5 9. d4 Nd7 10. Re1 N5f6 11. Nc3 Ne4 12. Qc2 Nxc3 13. Bxc3 Nf6 14. e4 c5 15. d5 Ne8 16. Ne5 Nd6 17. Nc6 Bxc6 18. dxc6 Qc7 19. Qb2 f6 20. e5 Nb5 21. Rad1 Rad8 22. Rxd8 Qxd8 23. exf6 Bxf6 24. Bxf6 Qxf6 25. Qxf6 Rxf6 26. a4 Nc7 27. a5 Kf8 28. Rd1 Nd5 29. axb6 axb6 30. Bh3 b5 31. Rxd5 exd5 32. c7 Rc6 33. c8Q+ Rxc8 34. Bxc8 c4 35. bxc4 dxc4 36. Kf1 Ke7 37. Ba6 c3 38. Ke2 b4 39. Kd3 g5 40. f3 Kd6 41. Bc4 Ke5 42. Bb3 h5 43. Kc4 h4 44. Bc2 1-0

[Event "Brasov GP RO"]
[Site "Brasov"]
[Date "2023.07.16"]
[Round "1"]
[White "Schitco, Ivan"]
[Black "Zanfir, Iulian"]
[Result "1-0"]
[WhiteElo "2507"]
[BlackElo "1656"]
[PlyCount "61"]
[EventDate "2023.07.16"]
[EventType "swiss"]
[EventRounds "9"]
[EventCountry "ROU"]
[SourceTitle "CBM 215 Extra"]
[Source "ChessBase"]
[SourceDate "2023.09.30"]
[SourceVersion "1"]
[SourceVersionDate "2023.09.30"]
[SourceQuality "1"]

1. c4 c6 2. g3 d5 3. Nf3 Nf6 4. Bg2 Bg4 5. Ne5 e6 6. cxd5 exd5 7. Nxg4 Nxg4 8. e4 Nf6 9. e5 Ne4 10. 0-0 Nc5 11. d4 Ne6 12. Nc3 Nd7 13. Be3 h5 14. f4 g6 15. f5 Ng7 16. fxg6 fxg6 17. Qd3 Nf5 18. Bh3 Qe7 19. Bxf5 gxf5 20. Rxf5 Bh6 21. Rc1 Qe6 22. Bxh6 Rxh6 23. Ne2 h4 24. g4 h3 25. Nf4 Qg8 26. g5 0-0-0 27. Kh1 Rh4 28. e6 Nf6 29. Rxf6 Qxg5 30. Qf5 Qg7 31. e7+ 1-0

[Event "New York Winter GM-A"]
[Site "New York"]
[Date "2023.01.14"]
[Round "4"]
[White "Schitco, Ivan"]
[Black "Levine, Joseph1111"]
[Result "1-0"]
[WhiteElo "2515"]
[BlackElo "2451"]
[PlyCount "63"]
[EventDate "2023.01.12"]
[EventType "tourn"]
[EventRounds "9"]
[EventCountry "USA"]
[EventCategory "8"]
[SourceTitle "CBM 212 Extra"]
[Source "ChessBase"]
[SourceDate "2023.03.31"]
[SourceVersion "1"]
[SourceVersionDate "2023.03.31"]
[SourceQuality "1"]

1. d4 d5 2. c4 e6 3. Nc3 Nf6 4. cxd5 exd5 5. Bg5 c6 6. e3 Bd6 7. Bd3 0-0 8. Nge2 Re8 9. Qc2 h6 10. Bh4 Nbd7 11. h3 Nf8 12. 0-0 a5 13. Rad1 Ne6 14. f3 Ng5 15. f4 Ne6 16. Ng3 g5 17. fxg5 hxg5 18. Nf5 gxh4 19. Nxd6 Qxd6 20. Rxf6 Qg3 21. Bg6 Qxe3+ 22. Kh1 Re7 23. Rdf1 Kh8 24. Bxf7 Nxd4 25. Qg6 Bf5 26. R6xf5 Nxf5 27. Qf6+ Kh7 28. Qxf5+ Kh8 29. Qf6+ Kh7 30. Qxh4+ Kg7 31. Qf6+ Kh7 32. Rf5 1-0

[Event "New York Winter GM-A"]
[Site "New York"]
[Date "2023.01.13"]
[Round "3"]
[White "Shlyakhtenko, Robert"]
[Black "Schitco, Ivan"]
[Result "1/2-1/2"]
[WhiteElo "2418"]
[BlackElo "2515"]
[PlyCount "49"]
[EventDate "2023.01.12"]
[EventType "tourn"]
[EventRounds "9"]
[EventCountry "USA"]
[EventCategory "8"]
[SourceTitle "CBM 212 Extra"]
[Source "ChessBase"]
[SourceDate "2023.03.31"]
[SourceVersion "1"]
[SourceVersionDate "2023.03.31"]
[SourceQuality "1"]

1. d4 Nf6 2. c4 e6 3. Nc3 d5 4. cxd5 exd5 5. Bg5 c6 6. e3 Be7 7. Qc2 Nbd7 8. Bd3 Nh5 9. Bxe7 Qxe7 10. 0-0-0 Nb6 11. Kb1 g6 12. Nge2 Ng7 13. Ng3 h5 14. Rhe1 Be6 15. f3 0-0-0 16. Nge2 Kb8 17. h3 h4 18. Nc1 Bc8 19. Nb3 Ne6 20. a4 Qb4 21. a5 Nc4 22. Na2 Qa4 23. Nc3 Qb4 24. Na2 Qa4 25. Nc3 1/2-1/2

[Event "Hollywood Masters op"]
[Site "Los Angeles"]
[Date "2022.10.30"]
[Round "9"]
[White "Schitco, Ivan"]
[Black "Gedajlovic, Max"]
[Result "1/2-1/2"]
[WhiteElo "2530"]
[BlackElo "2317"]
[PlyCount "68"]
[EventDate "2022.10.26"]
[EventType "swiss"]
[EventRounds "9"]
[EventCountry "USA"]
[SourceTitle "EXT 2024"]
[Source "ChessBase"]
[SourceDate "2023.10.10"]
[SourceVersion "1"]
[SourceVersionDate "2023.10.10"]
[SourceQuality "1"]

1. c4 e5 2. Nf3 Nc6 3. d4 exd4 4. Nxd4 Bc5 5. e3 Bxd4 6. exd4 d5 7. Nc3 Nge7 8. Be2 Be6 9. Bf3 0-0 10. 0-0 Qd7 11. Be3 Rad8 12. c5 Nf5 13. Qd2 Rfe8 14. Rae1 b6 15. cxb6 axb6 16. b3 h6 17. Be2 Nce7 18. Bb5 c6 19. Bd3 Nxe3 20. Rxe3 Bf5 21. Be2 Nc8 22. Na4 Qa7 23. Rc1 Rxe3 24. fxe3 Bd7 25. Bd3 Re8 26. Re1 c5 27. Nc3 Bc6 28. Bb5 Bxb5 29. Nxb5 Qd7 30. Nc3 Ne7 31. dxc5 bxc5 32. e4 d4 33. Na4 Qa7 34. Qc2 c4 1/2-1/2

[Event "Hollywood Masters op"]
[Site "Los Angeles"]
[Date "2022.10.28"]
[Round "6"]
[White "Javakhadze, Zurab"]
[Black "Schitco, Ivan"]
[Result "1/2-1/2"]
[WhiteElo "2479"]
[BlackElo "2530"]
[PlyCount "22"]
[EventDate "2022.10.26"]
[EventType "swiss"]
[EventRounds "9"]
[EventCountry "USA"]
[SourceTitle "EXT 2024"]
[Source "ChessBase"]
[SourceDate "2023.10.10"]
[SourceVersion "1"]
[SourceVersionDate "2023.10.10"]
[SourceQuality "1"]

1. Nf3 c5 2. c4 Nc6 3. Nc3 g6 4. g3 Bg7 5. Bg2 e5 6. 0-0 Nge7 7. a3 a5 8. d3 0-0 9. Ne1 d6 10. Nc2 Rb8 11. Rb1 Be6 1/2-1/2

[Event "Hollywood Masters op"]
[Site "Los Angeles"]
[Date "2022.10.27"]
[Round "4"]
[White "Kunka, Harshid"]
[Black "Schitco, Ivan"]
[Result "0-1"]
[WhiteElo "2236"]
[BlackElo "2530"]
[PlyCount "92"]
[EventDate "2022.10.26"]
[EventType "swiss"]
[EventRounds "9"]
[EventCountry "USA"]
[SourceTitle "EXT 2024"]
[Source "ChessBase"]
[SourceDate "2023.10.10"]
[SourceVersion "1"]
[SourceVersionDate "2023.10.10"]
[SourceQuality "1"]

1. e4 c5 2. Nf3 d6 3. d4 cxd4 4. Nxd4 Nf6 5. Nc3 Nc6 6. Bg5 e6 7. Qd2 a6 8. 0-0-0 Bd7 9. Kb1 Nxd4 10. Qxd4 Be7 11. f3 Qc7 12. Qd2 b5 13. g4 h5 14. gxh5 Nxh5 15. h4 b4 16. Ne2 a5 17. c4 e5 18. Bxe7 Kxe7 19. Bh3 Bxh3 20. Rxh3 Rad8 21. b3 Qc6 22. Qe3 Qc5 23. Qg5+ Ke8 24. f4 Qf2 25. Rhd3 Qxe2 26. Qxe5+ Kf8 27. Rxd6 Qxd1+ 28. Rxd1 Rxd1+ 29. Kc2 Rd8 30. Qxa5 Rb8 31. Qc7 Re8 32. Qc5+ Kg8 33. Qxb4 Nxf4 34. Qa4 Rf8 35. c5 Rxh4 36. Qd7 Rh2+ 37. Kc3 Rxa2 38. c6 Ne6 39. b4 Rd8 40. Qe7 Rb8 41. b5 Rxb5 42. Qe8+ Nf8 43. Kc4 Rb1 44. Kc5 Rd2 45. e5 Rc1+ 46. Kb6 Rdc2 0-1